[Event "2nd Gujarat Open 2019"]
[Site "Ahmedabad, Gujarat"]
[Date "2019.09.23"]
[Round "3.5"]
[White "Mehdi Hasan Parag"]
[Black "Das, Sayantan"]
[Result "0-1"]
[WhiteElo "2183"]
[BlackElo "2434"]
[Annotator "NA"]
[PlyCount "94"]
[EventDate "2019.09.22"]
[EventCountry "IND"]
[SourceTitle "playchess.com"]
[Source "ChessBase"]
[SourceQuality "1"]
[TimeControl "5400+30"]

1. e4 {[%emt 0:00:00]} e6 {[%emt 0:01:14]} 2. d4 {[%emt 0:00:00]} d5 {[%emt 0:00:06]} 3. Nc3 {[%emt 0:00:00]} Nf6 {[%emt 0:00:33]} 4. e5 {[%emt 0:00:08]} Nfd7 {[%emt 0:00:03]} 5. f4 {[%emt 0:00:16]} c5 {[%emt 0:00:20]} 6. Nf3 {[%emt 0:00:12]} Nc6 {[%emt 0:00:06]} 7. Be3 {[%emt 0:00:17]} a6 {[%emt 0:00:38]} 8. Qd2 {[%emt 0:01:05]} b5 {[%emt 0:00:10]} 9. a3 {[%emt 0:00:59]} Qb6 {[%emt 0:02:44]} 10. Ne2 {[%emt 0:03:21]} a5 {[%emt 0:12:47]} 11. c3 {[%emt 0:02:44]} g6 {[%emt 0:03:35]} 12. g4 {[%emt 0:01:19]} h5 {[%emt 0:06:37]} 13. gxh5 {[%emt 0:01:21]} Rxh5 {[%emt 0:00:26]} 14. Ng3 {[%emt 0:00:23]} Rh8 {[%emt 0:00:38]} 15. h4 {[%emt 0:00:13]} cxd4 {[%emt 0:14:16]} 16. cxd4 {[%emt 0:00:18]} b4 {[%emt 0:09:41]} 17. h5 {[%emt 0:00:39]} gxh5 {[%emt 0:08:29]} 18. Nxh5 {[%emt 0:01:13]} bxa3 {[%emt 0:03:50]} 19. bxa3 {[%emt 0:00:55]} Qb3 {[%emt 0:05:52]} 20. Nf6+ {[%emt 0:18:07]} Nxf6 {[%emt 0:00:12]} 21. Rxh8 {[%emt 0:00:22]} Ng4 {[%emt 0:00:56]} 22. Rc1 {[%emt 0:01:57]} Nxe3 {[%emt 0:04:25]} 23. Qc3 {[%emt 0:17:17]} Qxc3+ {[%emt 0:02:46]} 24. Rxc3 {[%emt 0:00:02]} Nxf1 {[%emt 0:00:59]} 25. Rxc6 {[%emt 0:00:38]} Ne3 {[%emt 0:01:06]} 26. Ng5 {[%emt 0:04:21]} Ng2+ {[%emt 0:08:46]} 27. Kd2 {[%emt 0:02:52]} Nxf4 {[%emt 0:03:18]} 28. Rc7 {[%emt 0:00:27]} Ng6 {[%emt 0:01:55]} 29. Rg8 {[%emt 0:01:12]} Bd7 {[%emt 0:04:59]} 30. Nh7 {[%emt 0:09:19]} Kd8 {[%emt 0:00:32]} 31. Rc3 {[%emt 0:02:05]} Ke7 {[%emt 0:00:22]} 32. Ke1 {[%emt 0:00:45]} Rc8 {[%emt 0:02:01]} 33. Rb3 {[%emt 0:00:29]} Rc4 {[%emt 0:01:09]} 34. Rb8 {[%emt 0:01:42]} Rxd4 {[%emt 0:00:38]} 35. Nxf8 {[%emt 0:00:40]} Nxf8 {[%emt 0:00:06]} 36. Rbxf8 {[%emt 0:00:17]} Re4+ {[%emt 0:00:02]} 37. Kd2 {[%emt 0:00:18]} Rxe5 {[%emt 0:00:08]} 38. Ra8 {[%emt 0:00:18]} a4 {[%emt 0:00:25]} 39. Ra7 {[%emt 0:00:20]} d4 {[%emt 0:01:36]} 40. Rb8 {[%emt 0:00:30]} Rd5 {[%emt 0:00:29]} 41. Rbb7 {[%emt 0:00:27]} e5 {[%emt 0:00:44]} 42. Rxa4 {[%emt 0:00:09]} e4 {[%emt 0:00:23]} 43. Raa7 {[%emt 0:00:19]} Ke6 {[%emt 0:00:44]} 44. a4 {[%emt 0:00:08]} d3 {[%emt 0:00:28]} 45. a5 {[%emt 0:01:55]} e3+ {[%emt 0:00:21]} 46. Kxe3 {[%emt 0:00:32]} d2 {[%emt 0:00:02]} 47. Rxd7 {[%emt 0:00:24]} d1=Q {[%emt 0:00:46]} 0-1

[Event "2nd Gujarat Open 2019"]
[Site "Ahmedabad, Gujarat"]
[Date "2019.09.23"]
[Round "3.6"]
[White "Neelotpal, Das"]
[Black "Soham Datar"]
[Result "1-0"]
[WhiteElo "2433"]
[BlackElo "2160"]
[Annotator "TA"]
[PlyCount "65"]
[EventDate "2019.09.22"]
[EventCountry "IND"]
[SourceTitle "playchess.com"]
[Source "ChessBase"]
[SourceQuality "1"]

{[%evp 10,65,20,0,19,16,32,12,36,18,38,3,46,31,33,51,73,73,86,90,85,0,0,0,0,0,6,6,19,8,72,77,77,82,92,56,112,120,121,119,222,196,202,201,176,130,29981,29982,29981,29982,29989,29990,29991,29992,29994,29995,29995,29996]} 1. e4 c5 2. Nf3 d6 3. d4 cxd4 4. Nxd4 Nf6 5. Nc3 a6 6. a3 e6 {B90: Sicilian Najdorf: Unusual White 6th moves, 6 Be3 Ng4 and 6 Be3 e5} (6... e5 7. Nf3 h6 8. Bc4 Be6 9. Bxe6 fxe6 10. O-O Nbd7 11. Ne1 Be7 12. Nd3 O-O 13. f4 Qc7 14. Kh1 {0-1 (52) Short,N (2648)-Aronian,L (2767) Caleta 2019}) 7. f4 Nc6 8. Be3 Be7 {The position is equal.} 9. Be2 Qc7 10. Qd2 Bd7 11. O-O-O O-O 12. g4 Nxd4 13. Qxd4 Bc6 14. g5 Nd7 $146 15. f5 (15. h4 $16) 15... exf5 $1 $11 16. exf5 Bxh1 17. Rxh1 Qc5 {...Qxd4 is the strong threat.} 18. Qf4 Qe5 19. Bf3 Rab8 (19... Rae8 $11) 20. Nd5 $16 {[%mdl 1024] White has strong compensation.} Bd8 {[#]} 21. Qg4 $1 {Strongly threatening Bd4.} Qe8 22. Be4 Ne5 (22... Rc8 $14 23. f6 g6) 23. Qg2 Rc8 24. Kb1 Nc4 {[#]} (24... Rc4 $16) 25. Nf6+ $1 $18 {[%mdl 512]} Bxf6 (25... gxf6 26. gxf6+) 26. gxf6 {[%csl Gf6][%cal Rg2g7]} g6 27. fxg6 $40 {[%mdl 128] White goes for the king.} hxg6 $2 {[%mdl 8192] [#]} (27... fxg6 $16 28. Bd5+ Kh8) 28. Bd5 $1 {[%mdl 512] White mates.} Ne5 {[#]} 29. Qg5 $1 {[%mdl 512]} Qd8 30. Rf1 Rxc2 31. Qh6 {[%csl Gf6][%cal Rh6g7]} Rxb2+ 32. Kxb2 {[%csl Gf6][%cal Rh6g7]} Nd3+ {[#]} 33. Ka2 $1 {Accuracy: White = 81%, Black = 40%.} 1-0

[Event "2nd Gujarat Open 2019"]
[Site "Ahmedabad, Gujarat"]
[Date "2019.09.23"]
[Round "3.7"]
[White "Sanket Chakravarty"]
[Black "Lugovskoy, Maxim"]
[Result "0-1"]
[WhiteElo "2158"]
[BlackElo "2422"]
[Annotator "NA RC"]
[PlyCount "166"]
[EventDate "2019.09.22"]
[EventCountry "IND"]
[SourceTitle "playchess.com"]
[Source "ChessBase"]
[SourceQuality "1"]
[TimeControl "5400+30"]

1. c4 {[%emt 0:00:00]} e6 {[%emt 0:09:44]} 2. g3 {[%emt 0:00:00]} Nf6 {[%emt 0:00:03]} 3. Bg2 {[%emt 0:00:00]} d5 {[%emt 0:00:03]} 4. Nf3 {[%emt 0:00:00]} d4 {[%emt 0:00:03]} 5. O-O {[%emt 0:00:11]} c5 {[%emt 0:00:03]} 6. d3 {[%emt 0:00:11]} Nc6 {[%emt 0:00:04]} 7. e3 {[%emt 0:00:03]} Bd6 {[%emt 0:00:54]} 8. exd4 {[%emt 0:00:16]} cxd4 {[%emt 0:00:04]} 9. Na3 {[%emt 0:00:12]} e5 {[%emt 0:00:48]} 10. c5 {[%emt 0:00:04]} Bc7 {[%emt 0:02:17]} 11. Bg5 {[%emt 0:08:56]} O-O {[%emt 0:04:03]} 12. Nc4 {[%emt 0:00:43]} Be6 {[%emt 0:01:04]} 13. Nfd2 {[%emt 0:01:38]} h6 {[%emt 0:00:20]} 14. Bxf6 {[%emt 0:01:33]} Qxf6 {[%emt 0:00:06]} 15. Ne4 {[%emt 0:05:03]} Qe7 {[%emt 0:00:31]} 16. Ned6 {[%emt 0:07:58]} Bxc4 {[%emt 0:04:26]} 17. Nxb7 {[%emt 0:06:56]} Ba6 {[%emt 0:03:31]} 18. Bxc6 {[%emt 0:00:12]} Rab8 {[%emt 0:00:08]} 19. Qf3 {[%emt 0:02:58]} f5 {[%emt 0:05:57]} 20. Nd6 {[%emt 0:04:15]} Bxd6 {[%emt 0:01:35]} 21. Qd5+ {[%emt 0:01:19]} Kh8 {[%emt 0:05:44]} 22. cxd6 {[%emt 0:00:21]} Qf6 {[%emt 0:00:08]} 23. Rad1 {[%emt 0:06:52]} Rb6 {[%emt 0:12:54]} 24. f4 {[%emt 0:16:13]} e4 {[%emt 0:02:03]} 25. dxe4 {[%emt 0:01:03]} fxe4 {[%emt 0:00:10]} 26. Rfe1 {[%emt 0:00:17]} Bd3 {[%emt 0:04:25]} 27. Rc1 {[%emt 0:08:41]} Rd8 {[%emt 0:09:18]} 28. d7 {[%emt 0:00:54]} e3 {[%emt 0:00:59]} 29. Red1 {[%emt 0:06:56]} Be2 {[%emt 0:01:47]} 30. Rxd4 {[%emt 0:01:19]} Bf3 {[%emt 0:00:06]} 31. Re4 {[%emt 0:01:17]} Bxe4 {[%emt 0:02:49]} 32. Qxe4 {[%emt 0:00:02]} Rf8 {[%emt 0:06:34]} 33. Ba4 {[%emt 0:12:35]} Re6 {[%emt 0:01:18]} 34. Qb4 {[%emt 0:00:45]} e2 {[%emt 0:00:13]} 35. Kf2 {[%emt 0:00:32]} a5 {[%emt 0:03:03]} 36. Qd2 {[%emt 0:01:23]} Re4 {[%emt 0:02:21]} 37. Bc2 {[%emt 0:02:20]} Qb6+ {[%emt 0:01:34]} 38. Kf3 {[%emt 0:01:09]} Rd4 {[%emt 0:02:02]} 39. Qxe2 {[%emt 0:00:02]} Qc6+ {[%emt 0:01:09]} 40. Kf2 {[%emt 0:00:57]} Qxd7 {[%emt 0:00:04]} 41. Rd1 {[%emt 0:00:32]} Rc8 {[%emt 0:02:32]} 42. Bf5 {[%emt 0:01:12]} Qd8 {[%emt 0:01:36]} 43. Rxd4 {[%emt 0:00:59]} Qxd4+ {[%emt 0:00:01]} 44. Kf3 {[%emt 0:01:11]} Rf8 {[%emt 0:03:33]} 45. Bb1 {[%emt 0:01:02]} Rd8 {[%emt 0:01:21]} 46. Qc2 {[%emt 0:01:04]} Qd1+ {[%emt 0:00:01]} 47. Ke3 {[%emt 0:00:01]} Qxc2 {[%emt 0:00:43]} 48. Bxc2 {[%emt 0:00:01]} Kg8 {[%emt 0:00:08]} 49. a3 {[%emt 0:00:49]} Rb8 {[%emt 0:00:22]} 50. b3 {[%emt 0:00:21]} Kf7 {[%emt 0:00:10]} 51. Kd4 {[%emt 0:00:43]} Ke7 {[%emt 0:00:17]} 52. h3 {[%emt 0:00:36]} Kd6 {[%emt 0:00:29]} 53. g4 {[%emt 0:00:21]} g5 {[%emt 0:01:27]} 54. fxg5 {[%emt 0:00:08]} hxg5 {[%emt 0:00:02]} 55. Ke4 {[%emt 0:00:15]} Rb5 {[%emt 0:00:34]} 56. a4 {[%emt 0:01:01]} Re5+ {[%emt 0:00:25]} 57. Kf3 {[%emt 0:00:03]} Rc5 {[%emt 0:00:09]} 58. Bd3 {[%emt 0:00:53]} Rc3 {[%emt 0:00:04]} 59. Ke4 {[%emt 0:00:04]} Rxb3 {[%emt 0:00:02]} 60. Bb5 {[%emt 0:00:11]} Ke7 {[%emt 0:02:40]} 61. Ke5 {[%emt 0:01:24]} Rxh3 {[%emt 0:01:19]} 62. Kf5 {[%emt 0:00:53]} Rb3 {[%emt 0:00:04]} 63. Be2 {[%emt 0:00:12]} Rb4 {[%emt 0:00:39]} 64. Bd1 {[%emt 0:00:07]} Rd4 {[%emt 0:00:01]} 65. Bb3 {[%emt 0:00:08]} Rd3 {[%emt 0:00:05]} 66. Bc2 {[%emt 0:01:20]} Rc3 {[%emt 0:00:10]} 67. Bd1 {[%emt 0:00:15]} Rc5+ {[%emt 0:00:02]} 68. Kg6 {[%emt 0:00:42]} Kd6 {[%emt 0:03:39]} 69. Bb3 {[%emt 0:00:44]} Rc3 {[%emt 0:02:04]} 70. Bf7 {[%emt 0:00:17]} Ke7 {[%emt 0:01:15]} 71. Bd5 {[%emt 0:00:41]} Rd3 {[%emt 0:00:17]} 72. Be4 {[%emt 0:01:07]} Rd4 {[%emt 0:00:01]} 73. Bf5 {[%emt 0:00:08]} Rxa4 {[%emt 0:00:02]} 74. Kxg5 {[%emt 0:00:06]} Ra1 {[%emt 0:00:03]} 75. Bc2 {[%emt 0:00:25]} a4 {[%emt 0:00:04]} 76. Kg6 {[%emt 0:00:44]} a3 {[%emt 0:00:04]} 77. g5 {[%emt 0:00:15]} Ra2 {[%emt 0:00:03]} 78. Bb3 {[%emt 0:00:06]} Rb2 {[%emt 0:00:02]} 79. Bc4 {[%emt 0:00:10]} a2 {[%emt 0:00:07]} 80. Bxa2 {[%emt 0:00:04]} Rxa2 {[%emt 0:00:03]} 81. Kg7 {[%emt 0:00:03]} Ke6 {[%emt 0:00:54]} 82. g6 {[%emt 0:00:04]} Kf5 {[%emt 0:00:12]} 83. Kh7 {[%emt 0:00:06]} Rh2+ {[%emt 0:00:03]} 0-1

[Event "2nd Gujarat Open 2019"]
[Site "Ahmedabad, Gujarat"]
[Date "2019.09.23"]
[Round "3.8"]
[White "Pranav, Shetty"]
[Black "Himanshu, Sharma"]
[Result "1-0"]
[WhiteElo "2124"]
[BlackElo "2408"]
[Annotator "NA RC"]
[PlyCount "67"]
[EventDate "2019.09.22"]
[EventCountry "IND"]
[SourceTitle "playchess.com"]
[Source "ChessBase"]
[SourceQuality "1"]
[TimeControl "5400+30"]

1. e4 {[%emt 0:00:00]} c5 {[%emt 0:00:00]} 2. Nf3 {[%emt 0:00:00]} e6 {[%emt 0:00:28]} 3. d4 {[%emt 0:00:00]} cxd4 {[%emt 0:00:08]} 4. Nxd4 {[%emt 0:00:02]} Nc6 {[%emt 0:00:27]} 5. Nc3 {[%emt 0:00:08]} d6 {[%emt 0:00:44]} 6. g4 {[%emt 0:04:49]} a6 {[%emt 0:10:27]} 7. Be3 {[%emt 0:03:34]} Nge7 {[%emt 0:02:10]} 8. Nb3 {[%emt 0:08:42]} b5 {[%emt 0:04:44]} 9. Qe2 {[%emt 0:21:25]} Bd7 {[%emt 0:15:57]} 10. O-O-O {[%emt 0:08:54]} b4 {[%emt 0:05:40]} 11. Na4 {[%emt 0:09:21]} Nc8 {[%emt 0:00:49]} 12. Qd2 {[%emt 0:04:41]} Be7 {[%emt 0:10:29]} 13. f4 {[%emt 0:01:13]} Qc7 {[%emt 0:01:36]} 14. e5 {[%emt 0:09:24]} Nxe5 {[%emt 0:03:39]} 15. fxe5 {[%emt 0:09:53]} Bxa4 {[%emt 0:00:55]} 16. Qxb4 {[%emt 0:00:43]} Bd7 {[%emt 0:18:43]} 17. exd6 {[%emt 0:01:27]} Bxd6 {[%emt 0:00:13]} 18. Bc5 {[%emt 0:02:40]} Bxc5 {[%emt 0:06:36]} 19. Nxc5 {[%emt 0:00:54]} Bc6 {[%emt 0:03:34]} 20. Nxa6 {[%emt 0:01:43]} Qb7 {[%emt 0:00:45]} 21. Qxb7 {[%emt 0:02:01]} Bxb7 {[%emt 0:00:03]} 22. Bb5+ {[%emt 0:00:03]} Ke7 {[%emt 0:02:11]} 23. Rd7+ {[%emt 0:00:08]} Kf6 {[%emt 0:00:11]} 24. Rf1+ {[%emt 0:00:03]} Kg5 {[%emt 0:00:58]} 25. Rxb7 {[%emt 0:00:51]} Nd6 {[%emt 0:00:06]} 26. Rb6 {[%emt 0:00:06]} Nxb5 {[%emt 0:02:32]} 27. Rxb5+ {[%emt 0:00:01]} Kxg4 {[%emt 0:00:48]} 28. Nb4 {[%emt 0:00:06]} Rab8 {[%emt 0:00:30]} 29. a4 {[%emt 0:00:20]} f5 {[%emt 0:00:32]} 30. Nc6 {[%emt 0:00:38]} Ra8 {[%emt 0:03:04]} 31. b3 {[%emt 0:02:46]} g5 {[%emt 0:01:55]} 32. Nd4 {[%emt 0:00:12]} Ra6 {[%emt 0:00:30]} 33. Re5 {[%emt 0:00:16]} Re8 {[%emt 0:00:45]} 34. Nxf5 {[%emt 0:00:21]} 1-0

[Event "2nd Gujarat Open 2019"]
[Site "Ahmedabad, Gujarat"]
[Date "2019.09.23"]
[Round "3.9"]
[White "Karthikeyan, P.."]
[Black "Zia, Tahsin Tajwar"]
[Result "1-0"]
[WhiteElo "2408"]
[BlackElo "2142"]
[Annotator "TA"]
[PlyCount "41"]
[EventDate "2019.09.22"]
[EventCountry "IND"]
[SourceTitle "playchess.com"]
[Source "ChessBase"]
[SourceQuality "1"]

{[%evp 11,53,16,17,-38,-23,-28,0,0,0,-18,-10,-10,-20,-12,60,41,121,120,97,97,213,201,191,194,661,679,657,672,1033,995,1170,1131,1885,1877,1851,1807,2406,1818,6218,5989,6411,5997,29989,29990]} 1. d4 d5 2. Nf3 Nf6 3. g3 e6 4. Bg2 Nbd7 5. O-O b5 6. a4 b4 7. a5 {D02: 1 d4 d5 2 Nf3 sidelines, including 2...Nf6 3 g3 and 2...Nf6 3 Bf4} (7. c4 $11) (7. c3 Ba6 8. Bf4 c5 9. cxb4 cxb4 10. Nbd2 Rc8 11. Re1 Be7 12. Ne5 O-O 13. Nxd7 Nxd7 14. e4 Nf6 {½-½ (22) Maksimenko,A (2468)-Moranda,W (2597) Katowice 2019}) 7... Ba6 $15 8. Nbd2 c5 9. Re1 {The position is equal.} Be7 10. e4 dxe4 $146 ({Predecessor:} 10... Nxe4 11. Nxe4 dxe4 {½-½ (49) Ragolta Franco,E (2268)-Fuentes Garcia,D (2125) Havana 2009}) 11. Nxe4 Nxe4 12. Rxe4 Bb7 ({Black should play} 12... Nf6 $11 13. Re1 O-O) 13. Rg4 $14 h5 (13... O-O $14) 14. Rxg7 $16 {[#] Ng5 is the strong threat.} Kf8 15. Rg5 $1 Bxg5 (15... h4 $16) 16. Bxg5 $18 f6 17. Be3 {aiming for Ng5.} Qe7 $2 (17... Bd5 18. dxc5 Kg8) 18. Nh4 Kf7 19. Bxb7 Rag8 20. d5 Nf8 21. dxe6+ {Played: Qd1-f3} 1-0

[Event "2nd Gujarat Open 2019"]
[Site "Ahmedabad, Gujarat"]
[Date "2019.09.23"]
[Round "3.10"]
[White "Hesham, Abdelrahman"]
[Black "Kiran, Manisha Mohanty"]
[Result "1-0"]
[WhiteElo "2396"]
[BlackElo "2102"]
[Annotator "TA"]
[PlyCount "85"]
[EventDate "2019.09.22"]
[EventCountry "IND"]
[SourceTitle "playchess.com"]
[Source "ChessBase"]
[SourceQuality "1"]

{[%evp 9,85,-5,9,0,0,-13,0,0,0,0,0,0,0,0,0,0,0,0,0,-36,-45,-50,8,13,27,18,33,-22,0,-45,17,18,24,8,42,43,100,101,158,150,158,159,164,160,152,163,256,262,274,274,273,264,256,267,450,441,497,494,615,610,588,558,589,593,583,583,580,508,1364,1279,1972,1704,1878,1893,1845,1604,1924,1884]} 1. d4 Nf6 2. Bf4 g6 3. Nc3 d5 4. e3 Bg7 5. h4 h5 6. Be2 {A45: Trompowsky Attack} O-O 7. Nf3 c5 8. dxc5 {The position is equal.} Qa5 9. Qd2 $146 ({Predecessor:} 9. O-O Qxc5 10. Nb5 a6 11. Nc7 {½-½ (42) Naiditsch,A (2702)-Carlsen,M (2838) Karlsruhe/Baden-Baden 2017}) 9... Qxc5 10. O-O-O {[%cal Rc3d5]} Nc6 11. Na4 Qb4 12. Qxb4 Nxb4 13. a3 Nc6 14. Nc5 {[%cal Ba4c5,Bc5a6,Ba6c7,Bc7d5][%mdl 32]} b6 15. Na6 {With the idea Nc7.} Bg4 ({Black should play} 15... Bb7 $15) 16. Nc7 $11 {Strongly threatening Bb5.} Rad8 17. Bb5 $36 {[%mdl 2048] Black is under pressure.} Na5 18. Rd4 (18. b4 $14 Nc4 19. Bxc4 dxc4 20. Rxd8 Rxd8 21. Ne5) 18... Bd7 {Hoping for ...Bxb5.} 19. Be2 Nc6 ({Better is} 19... e6 $15) 20. Nxd5 Nxd4 21. Nxe7+ Kh8 22. Nxd4 Rfe8 (22... Rde8 $14) 23. Bc7 $16 Ne4 (23... Ra8 $142 24. Bf3 Bf8) 24. Bxd8 Rxd8 25. Rf1 Bf6 26. Nec6 Bxc6 27. Nxc6 Rd2 {[#]} (27... Rd6 $142) 28. Bf3 $1 $18 {[%cal Rf3e4]} Rxf2 29. Rxf2 Nxf2 30. Nxa7 Bxh4 {[%mdl 4096] Endgame KBN-KBN} 31. Kd2 Bf6 $2 (31... f5 32. Nc6 Kg7) 32. b4 {White is clearly winning.} h4 33. a4 g5 34. Ke2 Nh1 35. Nc6 Ng3+ 36. Kd3 Nf5 37. a5 bxa5 38. bxa5 {a6 is the strong threat.} Nd6 (38... g4 $142) 39. a6 {[%cal Ba5a6,Ba6a7][%mdl 32]} Nb5 40. c4 Nc7 41. a7 Kg7 42. Nb4 Be5 {[#]} 43. Na6 $1 {[%mdl 576] Promotion. Accuracy: White = 78%, Black = 36%.} 1-0

[Event "2nd Gujarat Open 2019"]
[Site "Ahmedabad, Gujarat"]
[Date "2019.09.23"]
[Round "3.11"]
[White "Thanki, Hemal Karsanji"]
[Black "Siddharth, Jagadeesh"]
[Result "0-1"]
[WhiteElo "2098"]
[BlackElo "2362"]
[Annotator "NA"]
[PlyCount "110"]
[EventDate "2019.09.22"]
[EventCountry "IND"]
[SourceTitle "playchess.com"]
[Source "ChessBase"]
[SourceQuality "1"]
[TimeControl "5400+30"]

1. e4 {[%emt 0:01:11]} c6 {[%emt 0:00:00]} 2. d4 {[%emt 0:00:07]} d5 {[%emt 0:00:00]} 3. e5 {[%emt 0:00:04]} Bf5 {[%emt 0:00:06]} 4. h4 {[%emt 0:00:04]} h5 {[%emt 0:00:11]} 5. Bd3 {[%emt 0:00:10]} Bxd3 {[%emt 0:00:06]} 6. Qxd3 {[%emt 0:00:04]} Qa5+ {[%emt 0:00:09]} 7. Nd2 {[%emt 0:00:15]} e6 {[%emt 0:00:05]} 8. Ngf3 {[%emt 0:02:12]} Qa6 {[%emt 0:01:07]} 9. c4 {[%emt 0:00:05]} Bb4 {[%emt 0:00:10]} 10. b3 {[%emt 0:00:18]} Ne7 {[%emt 0:00:06]} 11. O-O {[%emt 0:00:52]} Nf5 {[%emt 0:00:07]} 12. a3 {[%emt 0:09:27]} Be7 {[%emt 0:01:42]} 13. g3 {[%emt 0:03:30]} Nd7 {[%emt 0:00:08]} 14. Qb1 {[%emt 0:04:12]} O-O {[%emt 0:01:53]} 15. Re1 {[%emt 0:03:26]} Rfd8 {[%emt 0:02:52]} 16. c5 {[%emt 0:07:37]} b6 {[%emt 0:01:52]} 17. b4 {[%emt 0:00:08]} Rab8 {[%emt 0:14:10]} 18. Qc2 {[%emt 0:04:57]} bxc5 {[%emt 0:02:29]} 19. dxc5 {[%emt 0:07:55]} Rxb4 {[%emt 0:03:21]} 20. axb4 {[%emt 0:00:17]} Qxa1 {[%emt 0:00:03]} 21. Nb3 {[%emt 0:06:03]} Qa6 {[%emt 0:02:31]} 22. Bd2 {[%emt 0:03:26]} Nb8 {[%emt 0:03:44]} 23. Kg2 {[%emt 0:09:10]} Rd7 {[%emt 0:05:40]} 24. Ra1 {[%emt 0:03:02]} Qe2 {[%emt 0:02:29]} 25. Qc3 {[%emt 0:12:56]} d4 {[%emt 0:04:04]} 26. Nbxd4 {[%emt 0:05:06]} Nxd4 {[%emt 0:00:28]} 27. Nxd4 {[%emt 0:00:19]} Qe4+ {[%emt 0:00:08]} 28. Kg1 {[%emt 0:05:14]} Rxd4 {[%emt 0:01:33]} 29. Rxa7 {[%emt 0:01:43]} Bf8 {[%emt 0:00:40]} 30. Ra1 {[%emt 0:09:54]} Rd3 {[%emt 0:00:57]} 31. Qc1 {[%emt 0:00:16]} Nd7 {[%emt 0:00:34]} 32. Qe1 {[%emt 0:01:19]} Qxe1+ {[%emt 0:00:30]} 33. Bxe1 {[%emt 0:00:04]} Nxe5 {[%emt 0:00:09]} 34. Kg2 {[%emt 0:00:54]} Nf3 {[%emt 0:00:10]} 35. Rc1 {[%emt 0:00:30]} Nxe1+ {[%emt 0:00:08]} 36. Rxe1 {[%emt 0:00:04]} Rb3 {[%emt 0:00:10]} 37. Re4 {[%emt 0:00:09]} Be7 {[%emt 0:00:16]} 38. Rd4 {[%emt 0:01:26]} Bf6 {[%emt 0:00:15]} 39. Rd6 {[%emt 0:00:04]} Rxb4 {[%emt 0:00:08]} 40. Rxc6 {[%emt 0:00:04]} Rc4 {[%emt 0:00:14]} 41. Rc8+ {[%emt 0:00:07]} Kh7 {[%emt 0:00:02]} 42. Kf3 {[%emt 0:00:29]} Bd4 {[%emt 0:00:12]} 43. c6 {[%emt 0:00:06]} Rc2 {[%emt 0:00:05]} 44. Ke4 {[%emt 0:00:18]} Bxf2 {[%emt 0:00:08]} 45. Kf3 {[%emt 0:01:53]} Be1 {[%emt 0:00:20]} 46. g4 {[%emt 0:00:27]} hxg4+ {[%emt 0:00:14]} 47. Kxg4 {[%emt 0:00:02]} Rc4+ {[%emt 0:00:21]} 48. Kf3 {[%emt 0:00:24]} Bxh4 {[%emt 0:00:09]} 49. Ke3 {[%emt 0:00:16]} Bg3 {[%emt 0:00:20]} 50. Kd3 {[%emt 0:00:04]} Rc1 {[%emt 0:00:23]} 51. Kd2 {[%emt 0:00:06]} Bf4+ {[%emt 0:00:06]} 52. Kd3 {[%emt 0:00:01]} f5 {[%emt 0:00:17]} 53. Ke2 {[%emt 0:00:30]} e5 {[%emt 0:00:11]} 54. Kf3 {[%emt 0:01:04]} Rc3+ {[%emt 0:00:05]} 55. Ke2 {[%emt 0:00:03]} e4 {[%emt 0:59:12]} 0-1

[Event "2nd Gujarat Open 2019"]
[Site "Ahmedabad, Gujarat"]
[Date "2019.09.23"]
[Round "3.12"]
[White "Nitin, S.."]
[Black "Barath Kalyan M"]
[Result "1-0"]
[WhiteElo "2361"]
[BlackElo "2092"]
[Annotator "TA"]
[PlyCount "55"]
[EventDate "2019.09.22"]
[EventCountry "IND"]
[SourceTitle "playchess.com"]
[Source "ChessBase"]
[SourceQuality "1"]

{[%evp 14,54,28,22,27,29,29,17,39,36,45,46,43,36,76,78,76,79,277,261,252,162,450,428,675,654,1023,1037,1929,1330,29989,29990,29989,2081,29987,29988,29988,29989,29991,29992,29992,29993,29999]} 1. e4 c5 2. Nf3 e6 3. d4 cxd4 4. Nxd4 a6 5. Nc3 Qc7 6. Bd3 Nf6 7. Qe2 d6 8. f4 Nbd7 {B82: Sicilian Scheveningen: 6 f4} 9. g4 h6 (9... Nc5 10. g5 Nfd7 11. Be3 b5 12. a3 Bb7 13. O-O-O Rc8 14. Kb1 e5 15. Nf5 g6 16. Nh6 Bxh6 17. gxh6 exf4 18. Bxf4 {1-0 (36) Zhigalko,A (2545)-Gordievsky,D (2614) St Petersburg 2018}) 10. Bd2 b5 {The position is equal.} 11. a3 Bb7 12. O-O-O Nc5 13. Kb1 e5 14. Nf5 g6 15. Ne3 Nfxe4 $2 {[#]} (15... Bg7 $16) 16. Bxe4 $18 Nxe4 17. Ncd5 $146 Qc6 $2 (17... Qd8 {was necessary.}) 18. Ba5 Rc8 (18... Bg7 $142 19. Rhf1 Rc8) 19. Qf3 f5 20. gxf5 Nc5 21. Qg4 Be7 22. Qxg6+ Kd7 23. fxe5 (23. Nxe7 $142 Rhf8 24. Qg7 Qc7 25. Nxc8+ Ke8 26. Nxd6+ Qxd6 {[%mdl 64] Remove Defender} 27. Rxd6 Rf7 28. Qxe5+ Re7 29. Qh8+ {[%mdl 64] Double Attack} Kf7 30. Rf6#) 23... Rce8 24. Nxe7 {White mates.} Rxe7 25. Rxd6+ Qxd6 26. Qxd6+ Kc8 27. Qxe7 {[%csl Ga5][%cal Re7c7]} Bxh1 28. Qc7# {Accuracy: White = 75%, Black = 24%.} 1-0

[Event "2nd Gujarat Open 2019"]
[Site "Ahmedabad, Gujarat"]
[Date "2019.09.23"]
[Round "3.13"]
[White "Kumar, Gaurav"]
[Black "Neelash Saha"]
[Result "0-1"]
[WhiteElo "2096"]
[BlackElo "2334"]
[Annotator "NA"]
[PlyCount "44"]
[EventDate "2019.09.22"]
[EventCountry "IND"]
[SourceTitle "playchess.com"]
[Source "ChessBase"]
[SourceQuality "1"]
[TimeControl "5400+30"]

1. e4 b6 2. d4 Bb7 3. Bd3 e6 4. Nf3 d5 5. e5 c5 6. c3 Ne7 7. O-O Nec6 8. Ng5 cxd4 9. cxd4 Nxd4 10. Bxh7 Nbc6 11. Nxf7 Qh4 12. Nxh8 Qxh7 13. Qg4 Qxh8 14. Bg5 Bc5 15. Nc3 Nxe5 16. Qf4 Nf7 17. b4 Bd6 18. Qh4 Qxh4 19. Bxh4 Bxb4 20. Na4 Rc8 21. Rfd1 Ne2+ 22. Kh1 {[%emt 0:10:30]} Rc4 {[%emt 0:10:30]} 0-1